Los buenos cuentos 1

I tiakina i:
Ngā taipitopito rārangi puna kōrero
Ngā kaituhi matua: Fontaine, Loreto (Author), Vial, Magdalena (Author)
Hōputu: Pukapuka
Reo:Pāniora
I whakaputaina: Santiago Universitaria 1990
Rangatū:El jardín de los sueños
Ngā marau:
Ngā Tūtohu: Tāpirihia he Tūtohu
Kāore He Tūtohu, Me noho koe te mea tuatahi ki te tūtohu i tēnei pūkete!

MARC

LEADER 00000nam a2200000 a 4500
001 UCW6782
003 CL-VaPUC
008 920511e19900000CL |||||||||||||||||spa|d
082 0 4 |a 808.83  |b FON  |2 21 
100 0 |a Fontaine, Loreto  |e author  |9 311859 
700 0 |a Vial, Magdalena  |e author  |9 311860 
245 1 4 |a Los buenos cuentos 1 
300 |a 79 p 
942 |c BK 
945 |d 19920511 00:00:00 
260 |a Santiago  |b Universitaria  |c 1990 
650 0 |a Cuentos infantiles  |9 308044 
583 |a last modification  |c 19920511 00:00:00  |k Rodrigo Vera 
490 0 |a El jardín de los sueños 
999 |c 219726  |d 219724 
952 |0 0  |1 0  |4 0  |6 808_830000000000000_FON_1990  |7 0  |8 A  |9 210979  |a BIBEDU  |b BIBEDU  |d 2019-11-15  |i 2792265  |o 808.83 FON 1990  |p 2792265  |r 2019-11-15  |w 2019-11-15  |y BK  |k EDU 
952 |0 0  |1 0  |4 0  |6 808_830000000000000_FON_1990  |7 0  |8 A  |9 210980  |a BIBEDU  |b BIBEDU  |d 2019-11-15  |i 2792273  |o 808.83 FON 1990  |p 2792273  |r 2019-11-15  |w 2019-11-15  |y BK  |k EDU